Alphabet - Test de rapidité - Statistiques

Statistiques générales
  • Ce quiz a été pris 404 fois
  • Le résultat moyen est 23 sur 26
Statistiques - réponses
Répondre % Correct
A
100%
B
98%
C
97%
D
95%
E
95%
F
94%
G
93%
H
92%
I
92%
J
91%
K
90%
L
90%
M
89%
N
89%
O
87%
P
85%
Q
83%
R
83%
T
83%
S
82%
U
82%
V
81%
W
78%
X
75%
Y
74%
Z
71%
Aucun quiz correspondant
Distribution des résultats
% des personnes avec chaque résultat
Percentile par nombre de réponses
Votre historique - résultats
Vous n’avez pas pris ce quiz